000 00898nac a22002531i 4500
003 EG-ScBUE
005 20260330093615.0
008 260315s1953 nyua f b 001 0 eng d
035 _a(OCoLC)560156
040 _aEG-ScBUE
_beng
_erda
_cEG-ScBUE
_dEG-ScBUE
082 0 4 _a589.95
_bPOL
_222
100 1 _aPollard, Ernest C.
_q(Ernest Charles),
_d1906-1997,
_eauthor.
245 1 4 _aThe physics of viruses /
_cErnest C. Pollard, Sloane Physics Laboratory, Yale University.
264 1 _aNew York, N.Y. :
_bAcademic Press INC., Publishers,
_c1953.
300 _axi, 230 pages :
_billustrations ;
_c24 cm
336 _2rdacontent
_atext
_btxt
337 _aunmediated
_2rdamedia
_bn
338 _avolume
_bnc
_2rdacarrier
504 _aIncludes bibliographical references and index.
650 7 _aViruses.
_2BUEsh
655 _vReading book
942 _cBB
_2ddc
999 _c1648
_d1648